000 00302nam a22001337a 4500
008 190201b xxu||||| |||| 00| 0 eng d
020 _a0882841262
041 _aeng
080 _a201
100 _a24
101 _aTEO
245 _aReligion in Contemporary Society
_cChalfant, H.P
942 _2udc
_cBK
999 _c53913
_d53913